Представление документа в формате RUSMARC

Поле Инд. ПП Название Значение
Тип записи a
Библиографический уровень s
001 Контрольный номер 6a7cbdd9c73a4e07a1b6eb92b3f66c30
005 Дата корректировки 20240607103036.6
102 a Страна публикации RU
200 1_ a Заглавие Российская юстиция
210 1_ d Дата издания 2015
801 _0 a Страна RU
b Организация РГУП
g Правила каталогизации PSBO
801 _1 a Страна RU
b Организация РГУП
g Правила каталогизации PSBO
901 t Тип документа u
905 a Дата ввода 20180816